Quizzes
Events
Quiz Creation
Community
Videos
Private Events
Remove Ads
Sign In
Join for FREE
Feedback
Dark Mode
Quiz Categories
Sports
Geography
Music
Movies
Television
Just For Fun
Miscellaneous
History
Literature
Language
Science
Gaming
Entertainment
Religion
Holiday
For Kids
Quiz Lab
Recent
Popular Today
Quiz Kudos Today
Editor Picks
Curator Picks
Quizzes by...
Day
Popularity
Type
Ratings
Length
Year
Community
Subscriptions
Recent Discussions
Orange Saloon
Badges
Playlists
Quests
Create
Leaderboards
Showdown
Live 5
Trivia Bingo
Activity
Puzzle Library
Sporcle Events
Private Events
Virtual Trivia
Globe League
Become a Host
Pub Owners
SporcleCon
Opinionation
Our Games
Videos
Blog
Mobile Apps
Partnerships
Remove Ads and Go Orange
Feedback
Entertainment
Celebrity
Famous
Musical
Broadway
Show
Quote
Comic Books
Anime
Superhero
DC Comics
Marvel
Cartoons
Animation
Entertainment
Celebrity
Famous
Musical
Broadway
Show
Quote
Comic Books
Anime
Superhero
DC Comics
Marvel
Cartoons
Animation
Random Quiz
Search Sporcle
×
Quiz Lab
Quiz Lab
Entertainment
Musical
Type in answers that appear in a list
Type in answers that appear in a list
Classic
Best Score? Go Orange.
Characters from The Producers Stats
Can you name the Characters from Mel Brooks The Producers based on short descriptions?
By
Michael10177
4m
12 Questions
80 Plays
80 Plays
80 Plays
Comments
Comments
Give Quiz Kudos
Give Quiz Kudos
-
- Ratings
hide this ad
Replay
Link that replays current quiz
Next Quiz
Link to next quiz in quiz playlist
You Got
0%
They Got
Avg Score
69%
Avg Friend Score
Upgrade to see
Score Distribution
Jump to the score distribution portion of the page
Score
0/12
Timer
04:00
0
Plays Today
Description
Character
% Correct
Mousy accountant who has his world turned upside-
down
Leopold Bloom
97.5%
Once an iconic Broadway producer, he hasn’t has a successful show in years
Max Bialystock
95%
A young Swedish woman who becomes a secretary
Ulla Inga Hansen Benson Yonsen Tallen-Hallen Svaden-Svanson
85%
An ostentatious director who thinks himself to be God’s gift to Broadway
Roger de Bris
78.8%
An “ex”-
Nazi immigrant, living in Greenwich Village.
Franz Liebkind
71.3%
very eccentric (and Very stereotypically gay) “common-
law assistant.”
Carmen Ghia
70%
The most featured of the Little Old Ladies
Hold-me-Touch-me
62.5%
Very butch lighting designer, a member of (character)'s flamboyant creative team that lives with him
Shirley Markowitz
62.5%
Costume designer, a member of (character)'s flamboyant creative team that lives with him
Kevin
62.5%
Set designer, a member of (character)'s flamboyant creative team that lives with him
Bryan
53.8%
Cruel and domineering boss at the Whitehall & Marks accounting firm
Mr. Marks
51.3%
Choreographer, a member of (character)'s flamboyant creative team that lives with him
Scott
46.3%
Quiz Playlist
Details
Report
Send in Message
Add To Playlist
Classic:
Type in answers that appear in a list
Last Updated: Feb 16, 2017
Quiz Scoreboard
CHALLENGE
Sign Up to Join the Scoreboard
Show All
Scores
Hide
Comments
May contain spoilers
Recently Published
Billboard Blitz: Fleetwood Mac
by CooCooCachoo
Music
15s
Presidents Visiting Landmarks
by Hejman
History
7m
An Introduction to Baseball
by treessimontrees
Sports
5m
More to Explore
Quiz From the Vault
Featured Blog Post
Where Did the Easter Bunny Come From?
hide this ad
You Might Also Like...
Tags
Musical Quiz
Broadway Musicals
Character
Mel Brooks
Musical Theater
Today's Top Quizzes in Entertainment
Browse Entertainment
hide this ad
Today's Top Quizzes in Musical
Browse Musical
Top Contributed Quizzes in Entertainment
1
7-to-1: DC Comics Villains
2
Marvel Characters Bunker
3
Eurovision 2023 Logic Puzzle
4
Dragon Ball Z: Goku's Fights in Order
5
Kamen Rider Motifs
6
Criteria Quickie: Cartoon Taxonomy II
7
Sorting Pictures: Villains
8
Fictional Villains Letter U Blitz
9
Mini Trivia Sudoku: Musicals
10
Dragon Ball Z: Mega Character Search
Explore More
Trending Topics
Marvel
NBA
Anime
Disney
Crossword
Kpop
Harry Potter
Country
Puzzle
The Office
Pokémon
WWE
NFL
Soccer
Song
hide this ad
More By:
Michael10177
Quiz
Plays
Rating
Category
Featured
Created
Quick Pick: Woodwind Quintet
14,898
4.51
Just For Fun
Apr 24, 2017
Quick Pick: String Quartet
10,440
4.65
Just For Fun
Sep 8, 2018
Quick Pick: Brass Quintet
7,930
4.39
Just For Fun
Apr 24, 2017
20th Century Composers Without SPORCLE
5,469
4.56
Music
Apr 19, 2016
1812 Overture Instrumentation
2,881
4.76
Music
Mar 21, 2016
Go to Creator's Profile
Score Distribution
Quiz Creator Spotlight
Michael10177
Follow
Send a Message
Quizzes Created
-
Created Quiz Play Count
-
More By This Creator
Popular Quizzes Today
1
Find the US States - No Outlines Minefield
2
Find the Countries of Europe - No Outlines Minefield
3
The Countries of the World
4
Find the US States
5
US States
6
Popular People in 1961
7
Risky Map Clicking: Biggest States A-Z
8
Movies - When Are They Set?
More Entertainment Quizzes
Tyrion or Gimli?
Curator's Pick
Trending Quizzes
Risky Map Clicking: Least Populous States A-Z
1-10 Letter G Words
1-10 Letter F Words
Risky Map Clicking: Next State Alphabetically
Risky Map Clicking: Biggest States A-Z
Recently Updated
Leaping Animals
pecheneg
Reality TV Shows (A-Z)
bhenderson79
Rickey Henderson's Hall of Fame Teammates
pecheneg
Champions League XIs: Arsenal
pecheneg
Quick Pick: Celebrities in WWE's Hall of Fame
aduchscher
A-Z Keypad Blitz II
pecheneg
Multiple Oscar Actors
pecheneg
Mystery Phrase Blitz: Oscar 'Best Actors'
pecheneg
F. Scott Fitzgerald Novels
LTH
Pick 3 Villains
ddd62291
Trending Topics
Crossword
NBA
Disney
Marvel
Harry Potter
Kpop
Anime
Pokémon
Song
NFL
WWE
Soccer
The Office
Country
Puzzle
Your Account Isn't Verified!
In order to create a playlist on Sporcle, you need to verify the email address you used during registration. Go to your
Sporcle Settings
to finish the process.
Report this User
Report this user for behavior that violates our
Community Guidelines
.
Details:
Send Report
Go to the Sporcle.com Mobile Site →
Comments